Zimna wojna w 1959 roku - Statystyki

Ogólne statystyki
  • Ten quiz został rozwiązany 221 razy
  • Średni wynik to 39 z 64
Statystyki odpowiedzi
Podpowiedź (blok polityczny) Odpowiedź (kraj) % Poprawnych
Blok wschodni (Pakt Warszawski) Polska
98%
Blok zachodni (NATO) Stany Zjednoczone
98%
Blok zachodni (NATO) Francja
96%
Blok zachodni (NATO) Kanada
91%
Blok zachodni (NATO) Wielka Brytania
90%
Blok wschodni (Pakt Warszawski) Czechosłowacja
87%
Blok zachodni Hiszpania
87%
Blok zachodni (NATO) Portugalia
87%
Blok wschodni (Pakt Warszawski) Rumunia
86%
Blok zachodni (NATO) Włochy
86%
Blok wschodni (Pakt Warszawski) Węgry
85%
Blok wschodni (Pakt Warszawski) Związek Socjalistycznych Republik Radzieckich (ZSRR)
84%
Blok wschodni (Pakt Warszawski) Bułgaria
82%
Blok zachodni (NATO) Belgia
80%
Blok zachodni (NATO) Holandia
80%
Blok wschodni (Pakt Warszawski) Niemiecka Republika Demokratyczna (NRD)
78%
Blok wschodni Chińska Republika Ludowa (CHRL)
77%
Blok zachodni (NATO) Norwegia
77%
Blok zachodni (NATO) Republika Federalna Niemiec (RFN)
77%
Blok zachodni (NATO) Grecja
76%
Blok zachodni (NATO) Turcja
74%
Blok wschodni (Pakt Warszawski) Albania
73%
Blok zachodni Japonia
71%
Blok wschodni Kuba
71%
Blok zachodni Meksyk
71%
Blok zachodni (NATO) Dania
70%
Blok zachodni Brazylia
68%
Blok zachodni Iran
67%
Blok zachodni (NATO) Luksemburg
67%
Blok zachodni Australia
65%
Blok zachodni Korea Południowa
65%
Blok zachodni Argentyna
64%
Blok wschodni Koreańska Republika Ludowo-Demokratyczna (KRLD)
63%
Blok wschodni Egipt
60%
Blok wschodni Irak
60%
Blok zachodni Chile
58%
Blok zachodni Wenezuela
55%
Blok zachodni Izrael
52%
Blok zachodni Kolumbia
52%
Blok zachodni (NATO) Islandia
49%
Blok zachodni Nowa Zelandia
49%
Blok zachodni Panama
49%
Blok zachodni Peru
49%
Blok wschodni Mongolia
48%
Blok zachodni Urugwaj
48%
Blok zachodni Pakistan
46%
Blok zachodni Paragwaj
45%
Blok wschodni Syria
45%
Blok zachodni Boliwia
44%
Blok zachodni Ekwador
42%
Blok zachodni Gwatemala
37%
Blok zachodni Honduras
37%
Blok zachodni Kostaryka
37%
Blok zachodni Republika Chińska (Tajwan)
37%
Blok zachodni Salwador
37%
Blok zachodni Nikaragua
36%
Blok zachodni Tajlandia
35%
Blok zachodni Dominikana
33%
Blok zachodni Haiti
33%
Blok zachodni Filipiny
32%
Blok wschodni Wietnam Północny
27%
Blok zachodni Wietnam Południowy
27%
Blok zachodni Malezja
20%
Blok zachodni Związek Południowej Afryki
4%
Nie znaleziono quizów pasujących do podanych kryteriów
Rozkład punktacji
Procent ludzi z każdym wynikiem
Percentyl według liczby udzielonych odpowiedzi
Twoja historia wyników
Nie rozwiązałeś tego quizu